[Event "American Continental-ch 2018"]
[Site "Montevideo"]
[Date "2018.06.07"]
[Round "8"]
[White "Betaneli, Alexander"]
[Black "Slipak, Sergio"]
[Result "1/2-1/2"]
[WhiteElo "2246"]
[BlackElo "2420"]
[Annotator "TA"]
[PlyCount "46"]
[EventDate "2018.??.??"]
[EventType "swiss"]
[EventCountry "URU"]
[SourceTitle "playchess.com"]
[Source "ChessBase"]
[SourceQuality "1"]

{[%evp 25,46,-10,3,3,3,0,18,0,0,-11,-14,-26,-25,-170,-97,-86,-35,-53,-33,-45,0,0,0]} 1. Nf3 d5 2. d4 Nf6 3. e3 c5 4. dxc5 e6 5. c4 Bxc5 6. Nc3 O-O 7. cxd5 exd5 8. Be2 Nc6 9. O-O Re8 10. b3 a6 11. Bb2 {D32: Damengambit (Tarrasch-Verteidigung)} Ba7 12. Rc1 {[%cal Ba1c1,Bc1c2,Bc2d2][%mdl 32]} Qd6 13. Rc2 Bg4 {LiveBook: 8 Partien} 14. h3 $146 ({Vorgänger:} 14. Rd2 Rad8 15. Qa1 Rxe3 16. fxe3 Bxe3+ 17. Rf2 Bxf2+ 18. Kxf2 d4 19. h3 Bxf3 20. Bxf3 Qf4 21. Qd1 Re8 22. Re2 dxc3 23. Rxe8+ Nxe8 24. Bxc3 Nd6 25. Qd5 Qh6 {½-½ (26) Gaprindashvili,V (2405)-Bagaturov,G (2540) Ubeda 1999}) 14... Be6 15. Rd2 Rad8 16. Qc1 Bb8 17. Ba3 Qc7 {Und ...Se4 würde nun gewinnen.} 18. Rfd1 $1 Rc8 19. Na4 {[#]} (19. Bb2 $11 {und Weiss ist OK.}) 19... Ne4 (19... d4 $1 $19 {[%cal Rd4e3][%mdl 512] Droht stark ...dxe3.} 20. Bc5 (20. exd4 Bd5) 20... Ne5 21. Rxd4 (21. Nxd4 $2 Ned7 $19) 21... Nxf3+ 22. Bxf3 Nd7) 20. Rc2 $17 {[#]} Ng5 $1 {[%mdl 512]} 21. Kf1 $15 (21. Nxg5 Qh2+) 21... Nxf3 22. Bxf3 Qh2 {...Se5 ist eine echte Drohung.} 23. Nb6 Rcd8 1/2-1/2

[Event "American Continental-ch 2018"]
[Site "Montevideo"]
[Date "2018.06.07"]
[Round "8"]
[White "Carbone, Diego"]
[Black "Quintiliano Pinto, Renato R"]
[Result "0-1"]
[WhiteElo "2242"]
[BlackElo "2423"]
[Annotator "TA"]
[PlyCount "126"]
[EventDate "2018.??.??"]
[EventType "swiss"]
[EventCountry "URU"]
[SourceTitle "playchess.com"]
[Source "ChessBase"]
[SourceQuality "1"]

{[%evp 17,126,23,23,11,20,25,18,-48,-37,-25,-30,-41,-41,-102,-80,-89,60,56,38,0,24,-32,-48,-54,-47,-62,-56,-59,-56,-55,-64,-163,-48,-48,-58,-48,-17,-106,-16,-16,-16,-112,-112,-118,-116,-116,-115,-115,-112,-112,-112,-112,-112,-105,-96,-118,-96,-137,-137,-168,-162,-286,-105,-112,0,-96,-87,-93,-93,-96,-56,-55,-52,-93,-93,-99,-93,-93,-100,-127,-95,-95,-82,-94,-93,-125,-100,-101,-101,-112,-98,-254,0,-104,-108,-184,-170,-446,-445,-29980,-439,-415,-407,-29948,-29951,-12220,-6079,-29996,-29997,-29997,-29998]} 1. d4 d5 2. c4 e6 3. Nf3 Nf6 4. g3 Be7 5. Bg2 O-O 6. O-O dxc4 7. Qc2 b6 {E05: Open Catalan: 5 Nf3 Be7} (7... c6 8. Qxc4 b5 9. Qc2 Bb7 10. Nc3 Nbd7 11. Rd1 Qb6 12. Ne5 Rfd8 13. Be3 Nd5 14. Nxd5 cxd5 15. Rac1 Rac8 16. Qd3 b4 17. Rxc8 Bxc8 {½-½ (41) So,W (2799)-Mamedyarov,S (2809) Berlin 2018}) 8. Bg5 Nd5 9. Bxe7 Qxe7 {LiveBook: 20 Games. White has an edge.} 10. Ne5 Ba6 $146 ({Predecessor:} 10... Nd7 11. Nc6 Qd6 12. Qxc4 b5 13. Qxb5 a5 14. Bxd5 Ba6 15. Qxa5 exd5 16. Qxd5 Bxe2 17. Qxd6 cxd6 {1-0 (36) Bosiocic,M (2619)-Gharamian,T (2626) Heraklio 2017}) 11. Nd2 Rc8 12. Nexc4 (12. Ne4 $11) 12... c5 $1 $15 13. dxc5 Rxc5 {White must now prevent ...Bxc4.} 14. e4 {[%cal Be2e4,Be4e5][%mdl 32]} Nf6 15. b4 (15. e5 $1 $15 Nd5 16. Qe4) 15... Rc7 $1 $17 16. Qb3 Nbd7 ({Black should play} 16... Nc6 $1 $17 {[%cal Rc6d4] Strongly threatening ...Nd4.} 17. b5 Nd4) 17. e5 $1 $14 {[%cal Re5f6]} Nd5 18. b5 Bb7 (18... Nc5 $5 {[%cal Rc5b3]} 19. Qb2 Na4 $11) 19. Rfe1 ({White should try} 19. Ne4 $11) 19... Nc5 $15 20. Qb1 Nc3 21. Qb2 Bxg2 22. Kxg2 Nd5 {aiming for ...Nd3.} 23. Qa3 a6 $36 {[%mdl 2048] Black has the initiative.} 24. Rab1 (24. bxa6 $15 Rxa6 25. Qf3) 24... Rca7 ({Better is} 24... Qd8 $19 25. bxa6 Rxa6) 25. bxa6 Rxa6 26. Qf3 Rxa2 {White should prevent ...R8a4.} 27. Nxb6 Nxb6 (27... Rxd2 $17 28. Nxa8 Qd8) 28. Rxb6 $11 Rd8 29. Nc4 (29. Ne4 $11 {remains equal.}) 29... Nd3 $17 30. Re2 Rxe2 $1 31. Qxe2 Qc5 32. Rd6 Rxd6 33. Nxd6 Nxe5 34. Ne4 Qd5 {And now ...f5 would win.} 35. f3 h6 36. Nf2 f5 37. Nd1 Kf7 38. Nc3 Qc5 39. Qd2 {[#]} (39. Nd1 $142) 39... Ke7 $2 (39... Qg1+ $1 $19 {[%mdl 512] is more deadly.} 40. Kxg1 Nxf3+ 41. Kf1 Nxd2+ 42. Ke2 Nc4) 40. Ne2 Kf7 (40... g5 $17 {Threatens to win with ...g4.} 41. Qd4 Qxd4 42. Nxd4 Kd6) 41. h4 (41. Nc3 $1 $11) 41... Qc6 42. Qe3 Nd7 43. Qb3 Nc5 44. Qc3 Qd6 45. Nd4 Qd5 46. Qe3 Nd7 47. Ne2 e5 48. Qa7 Qd3 49. Kf2 Kg6 50. Qc7 Kh7 51. Qa5 Qd6 52. Kg2 Nf6 53. Qb5 Nd5 54. Qe8 $2 (54. Qd3 $17) 54... Nf6 (54... Ne3+ $19 55. Kf2 Qb6) 55. Qb5 Qd5 56. Qb6 (56. Qxd5 $17 {might work better.} Nxd5 57. Nc1) 56... Qd2 57. Qb5 $2 (57. Kf1 {keeps fighting.}) 57... Nd5 $1 $19 58. Kh3 (58. h5 $19 Nc3 59. Qc6 Qxe2+ 60. Kh3) 58... Qd1 (58... Qe1 $142 59. g4 Qf1+ 60. Kg3 Nf4 $1 {[%mdl 512]} 61. Qxe5 Nxe2+ 62. Qxe2 Qxe2 63. Kf4 fxg4 64. Kxg4 h5+ $1 {[%mdl 512]} 65. Kg3 g5 $1 {[%mdl 512]} 66. hxg5 Kg6 67. Kf4 h4 68. Kg4 Qf2 69. Kh3 Qg3#) 59. Kg2 {[#]} f4 $1 60. h5 (60. Kf2 $19 fxg3+ 61. Nxg3) 60... fxg3 61. Kxg3 Qe1+ 62. Kg2 Ne3+ 63. Kh2 Qf2+ {Precision: White = 35%, Black = 49%.} 0-1

[Event "American Continental-ch 2018"]
[Site "Montevideo"]
[Date "2018.06.07"]
[Round "8"]
[White "Fernandez, Maria Florencia"]
[Black "Muniz, Rafael"]
[Result "1-0"]
[WhiteElo "2203"]
[BlackElo "2290"]
[Annotator "TA"]
[PlyCount "151"]
[EventDate "2018.??.??"]
[EventType "swiss"]
[EventCountry "URU"]
[SourceTitle "playchess.com"]
[Source "ChessBase"]
[SourceQuality "1"]

{[%evp 11,151,16,12,11,20,14,15,10,10,9,65,65,60,56,51,58,77,-45,0,0,70,65,86,83,106,95,133,91,110,86,201,200,212,195,190,0,0,-10,0,-10,-12,-14,0,0,0,-95,-95,-95,-53,-95,-95,-95,-95,-95,-63,-95,-63,-63,-63,-122,-122,-281,-122,-148,-122,-130,-130,-130,-122,-122,-122,-366,-349,-355,-335,-405,-377,-439,-434,-680,-627,-1728,-429,-429,-429,-422,-299,-1181,-106,-106,-107,-107,-107,-108,-108,-113,-115,-370,-362,-362,-362,-314,-274,-352,-181,-189,-135,-107,0,-81,12831,12832,2404,12833,12834,12833,12830,12800,12835,12836,12839,3589,1744,0,0,0,0,0,12851,12851,29957,12851,12851,29951,12851,29975,12851,29982,12851,29983,12851,29982]} 1. d4 Nf6 2. c4 e6 3. Nf3 Bb4+ 4. Nbd2 c5 5. a3 Bxd2+ 6. Qxd2 cxd4 7. Qxd4 {E11: Bogo-Indian} (7. g3 b6 8. b4 Bb7 9. Qxd4 Nc6 10. Qf4 d6 11. Bb2 e5 12. Qd2 a5 13. b5 Ne7 14. Bg2 Qc7 15. O-O O-O {½-½ (121) Bluebaum,M (2642)-Andreikin,D (2712) Dortmund 2017}) 7... Nc6 8. Qc3 d5 9. e3 {The position is equal.} O-O 10. b4 Ne4 ({Better is} 10... Re8 $11) 11. Qc2 $14 Bd7 $146 ({Predecessor:} 11... Qf6 12. Bb2 Qg6 13. Bd3 f6 14. O-O Bd7 {1-0 (73) Bellahcene,B (2438)-Le Ruyet,L (2240) Wasselonne 2015}) 12. Bd3 Rc8 13. Bb2 f5 14. Qb3 (14. O-O $16) 14... dxc4 (14... Na5 $5 15. bxa5 dxc4 16. Bxc4 Qxa5+ 17. Qb4 Qxb4+ 18. axb4 Rxc4 $15) 15. Bxc4 Qe7 (15... Na5 $1 $11 16. Bxe6+ (16. bxa5 Qxa5+ 17. Bc3 Qxc3+ 18. Qxc3 Nxc3 $15) 16... Kh8 17. bxa5 Bxe6) 16. Rd1 {Strongly threatening Rxd7!} Nd6 17. Be2 {aiming for Qd3.} Ne4 18. O-O Be8 19. Ne5 Kh8 20. Bc4 b5 (20... Nxe5 $16 21. Bxe5 b5) 21. Nxc6 $1 $18 ({Inferior is} 21. Bxb5 Nxe5 22. Bxe8 Nc4 $11) 21... Bxc6 22. Bxe6 Rcd8 23. Bd5 $2 ({White should try} 23. Rxd8 $18 Rxd8 24. Rc1 (24. Bxf5 Nd2 $14)) 23... Bxd5 $11 24. Rxd5 {Threatens to win with Qd3.} Nd2 25. Rxd2 $1 Rxd2 26. Bd4 $1 f4 27. Bc5 Qf7 28. Qxf7 (28. Qc3 $1 $11 Rfd8 29. Bd4 fxe3 30. fxe3) 28... Rxf7 $17 29. exf4 $11 {[%mdl 4096] Endgame KRR-KRB} Ra2 30. Rd1 {White wants to mate with Rd8+.} Rd7 {[%cal Rd7d1]} 31. Re1 {[%cal Re1e8]} Re2 {[%cal Re2e1]} 32. Kf1 Rxe1+ 33. Kxe1 $17 {KR-KB} a6 34. Ke2 Kg8 {[%mdl 1024] Black has compensation.} 35. g4 (35. Be3 $15) 35... g6 36. Ke3 $2 (36. h3 $17) 36... Kf7 (36... Rd1 $19 {and Black stays clearly on top.} 37. Bd4 Rh1) 37. Bd4 Ke6 38. Ke4 Rf7 39. Be5 Rf8 40. Bd4 Re8 41. Bc5 $2 (41. Be3 $17) 41... Kf7+ $19 42. Kd5 {intending Kc6.} Re2 43. Kc6 Ra2 44. Kb6 Rxa3 45. h4 (45. Be3 $142 Ke6 46. Kc5) 45... h5 46. f3 Ke6 (46... Rxf3 $142 47. gxh5 gxh5 48. Kxa6 Rxf4 49. Kxb5 Rxh4) 47. f5+ gxf5 48. gxh5 Kf7 49. Bd4 $2 (49. h6) 49... Ra4 $2 (49... f4 $19 {has better winning chances.} 50. Be5 Rxf3 51. Kxa6 Rf2 52. Kxb5 f3) 50. Bc3 $17 Kg8 51. h6 Kh7 52. Bd2 Ra2 53. Bg5 Ra3 54. f4 $2 {[%mdl 8192]} (54. Bc1 $17 {is a better defense.} Rxf3 55. Kxa6) 54... Ra2 55. Kc5 Re2 56. Kb6 {[#]} Re6+ $1 57. Kc5 Re3 (57... Rg6 $142 58. Kd5 Rg8) 58. Kb6 {[#]} Ra3 $1 59. Kc5 Re3 60. Kb6 $1 {[%cal Rb6a6]} Kg6 $2 {[%mdl 8192]} (60... Re4 $17 61. Kxa6 Rxb4) 61. Kxa6 $18 Re8 62. Kxb5 Rb8+ 63. Kc5 Rc8+ 64. Kd5 Rb8 65. Be7 Kxh6 66. Ke6 (66. Bd6 $142 Rb6 67. Kc5) 66... Kg6 67. h5+ $2 (67. Bd6 $18 Rb6 68. Kd5) 67... Kxh5 $11 68. Kxf5 Rb6 69. Bc5 Rc6 $2 {[%mdl 8192]} (69... Ra6 $11) 70. Ke5 $18 Kg6 71. Kd5 Ra6 72. b5 {[%cal Bb4b5,Bb5b6,Bb6b7][%mdl 32]} Ra5 73. b6 Rb5 74. Kc6 Rb1 75. b7 Kf5 76. Bd6 {Precision: White = 47%, Black = 47%.} 1-0

[Event "American Continental-ch 2018"]
[Site "Montevideo"]
[Date "2018.06.07"]
[Round "8"]
[White "Cabrera Pando, Ramiro"]
[Black "Kimelman, Gabriel"]
[Result "1-0"]
[WhiteElo "2196"]
[BlackElo "2279"]
[Annotator "NA"]
[PlyCount "36"]
[EventDate "2018.??.??"]
[EventType "swiss"]
[EventCountry "URU"]
[SourceTitle "playchess.com"]
[Source "ChessBase"]
[SourceQuality "1"]
[TimeControl "40/5400+30:1800+30"]

1. d4 e6 2. c4 {[%emt 0:00:00]} Nf6 {[%emt 0:01:39]} 3. Nc3 {[%emt 0:00:25]} Bb4 {[%emt 0:00:04]} 4. Nf3 {[%emt 0:00:09]} b6 {[%emt 0:00:05]} 5. Bg5 {[%emt 0:00:24]} Bb7 {[%emt 0:00:34]} 6. e3 {[%emt 0:00:10]} h6 7. Bh4 {[%emt 0:00:22]} g5 {[%emt 0:00:07]} 8. Bg3 {[%emt 0:00:05]} Ne4 {[%emt 0:00:03]} 9. Nd2 {[%emt 0:00:13]} Nxg3 10. hxg3 {[%emt 0:00:11]} Bxc3 {[%emt 0:02:12]} 11. bxc3 {[%emt 0:01:02]} Qe7 {[%emt 0:03:59]} 12. f3 {[%emt 0:01:30]} d6 {[%emt 0:07:24]} 13. Bd3 {[%emt 0:04:15]} Nd7 14. Qc2 h5 {[%emt 0:13:23]} 15. O-O-O {[%emt 0:01:20]} O-O-O {[%emt 0:04:42]} 16. Rh2 {[%emt 0:08:06]} Rh7 {[%emt 0:00:30]} 17. Rdh1 {[%emt 0:00:30]} Rdh8 {[%emt 0:00:06]} 18. Nf1 $2 {[%emt 0:00:30]} (18. Bxh7 $18 Nf6 19. Bd3) 18... e5 $18 {[%emt 0:00:30]} (18... f5 $15 {stays ahead.}) 1-0

[Event "American Continental-ch 2018"]
[Site "Montevideo"]
[Date "2018.06.07"]
[Round "8"]
[White "Balzano, Ivan"]
[Black "Vazquez, Guillermo"]
[Result "0-1"]
[WhiteElo "2142"]
[BlackElo "2436"]
[Annotator "TA"]
[PlyCount "94"]
[EventDate "2018.??.??"]
[EventType "swiss"]
[EventCountry "URU"]
[SourceTitle "playchess.com"]
[Source "ChessBase"]
[SourceQuality "1"]

{[%evp 17,94,-20,-14,-27,-20,-28,-12,0,-10,-74,-61,-81,-75,-114,-84,-213,-219,-197,-208,-270,-256,-283,-258,-269,-280,-359,-342,-313,-217,-210,-212,-210,-210,-214,-210,-337,-337,-310,-330,-377,-386,-399,-394,-394,-392,-370,-387,-447,-450,-434,-426,-406,-408,-450,-406,-605,-587,-1551,-1506,-1204,-1119,-806,-366,-983,-566,-481,-279,-549,-552,-1366,-1043,-4818,-4818,-29976,-29977,-29976,-29977,-29976,-29977]} 1. e4 c6 2. Nf3 d5 3. Nc3 Nf6 4. e5 Ne4 5. Ne2 Qb6 6. d4 {B11: Caro-Kann: Two Knights Variation} e6 7. Ng3 c5 8. Bd3 Nxg3 9. hxg3 cxd4 {LiveBook: 23 Games} 10. Rxh7 $146 ({Predecessor:} 10. g4 Nc6 11. a3 Bd7 12. Kf1 f6 13. Qe2 {1-0 (43) Carlsen,M (2855)-Grischuk,A (2747) ICC INT 2016}) 10... Rxh7 11. Bxh7 Nc6 12. Bd3 Bd7 13. a3 (13. Rb1 $11) 13... O-O-O $17 14. Kf1 {[#]} f6 $1 15. Qe1 Be7 16. b4 (16. exf6 $17 {keeps fighting.} gxf6 17. b4) 16... Rh8 $19 17. Kg1 Nxe5 18. Nxe5 fxe5 19. Qxe5 {Threatens to win with Bf4.} Bf6 20. Qe1 e5 21. c4 dxc3 22. Qxc3+ Kb8 {White must now prevent ...e4.} 23. Bg5 e4 24. Bxf6 gxf6 25. Bf1 d4 26. Qc5 (26. Qd2 $142 f5 27. Rd1) 26... Qxc5 27. bxc5 {[%mdl 4096] Endgame KRB-KRB} Ba4 28. f3 f5 29. g4 Bc2 30. gxf5 e3 {[%cal Be4e3,Be3e2][%mdl 32]} 31. g4 d3 32. Bxd3 Bxd3 {KRB-KR} 33. Re1 e2 34. Kf2 Kc7 35. Ke3 Ba6 36. g5 (36. Kf2 $142 Rf8 37. Rc1) 36... Kd7 37. f4 Ke7 38. Kf2 Rf8 39. f6+ Ke6 (39... Kf7 $142 40. Rh1 Kg6) 40. Rc1 $2 (40. c6 bxc6 41. Rc1) 40... Rc8 41. Rc3 Kf5 (41... Rh8 $142 {( -> ...Rh2+)} 42. Re3+ Kf5) 42. Re3 $2 (42. c6 {was forced.} bxc6 43. f7) 42... Rh8 43. f7 {[#]} Kg6 $1 {[%cal Rg6f7]} 44. Re8 Rh2+ 45. Ke1 Kxf7 {Black mates.} 46. Re3 Rh1+ 47. Kd2 Rd1+ {Precision: White = 30%, Black = 86%.} 0-1

[Event "American Continental-ch 2018"]
[Site "Montevideo"]
[Date "2018.06.08"]
[Round "9"]
[White "Shankland, Samuel"]
[Black "Mareco, Sandro"]
[Result "1/2-1/2"]
[WhiteElo "2717"]
[BlackElo "2643"]
[Annotator "TA"]
[PlyCount "52"]
[EventDate "2018.??.??"]
[EventType "swiss"]
[EventCountry "URU"]
[SourceTitle "playchess.com"]
[Source "ChessBase"]
[SourceQuality "1"]

{[%evp 15,52,30,48,35,49,43,61,20,17,0,0,0,38,51,34,41,34,31,39,39,58,62,58,46,57,56,59,15,10,0,6,0,12,0,0,0,0,0,0]} 1. c4 e5 2. g3 Nc6 3. Bg2 f5 4. Nc3 Nf6 5. d3 {[%cal Bd2d3,Bd3d4][%mdl 32]} Bc5 6. e3 d6 {A25: English Opening vs King's Indian with ...Nc6 but without early d3} 7. Nge2 a6 8. d4 $146 ({Predecessor:} 8. a3 O-O 9. b4 Ba7 10. d4 Qe8 11. c5 Ne7 12. dxe5 dxe5 13. e4 c6 14. O-O {½-½ (45) Nigalidze,G (2486)-Medancic,R (2311) Rijeka 2010}) 8... Ba7 {LiveBook: 11 Games. White has an edge.} 9. b3 Qe7 10. O-O Nd8 11. dxe5 dxe5 12. e4 O-O 13. Be3 c6 14. Bxa7 Rxa7 15. Qd3 $36 {[%mdl 2048] White has some pressure.} Nf7 16. exf5 Nh6 17. Rad1 Bxf5 18. Qe3 Raa8 19. h3 Bg6 20. g4 {g5 is the strong threat.} Qc7 $1 21. Qc5 {[#] aiming for g5.} Nd7 $1 {[%cal Rd7c5] The position is equal.} 22. Qe7 Rad8 23. Be4 Rfe8 24. Qh4 Nf8 25. Qg3 Nf7 26. Qe3 Bxe4 {Precision: White = 57%, Black = 78%.} 1/2-1/2

[Event "American Continental-ch 2018"]
[Site "Montevideo"]
[Date "2018.06.08"]
[Round "9"]
[White "Cori, Jorge"]
[Black "Tristan, Leonardo"]
[Result "1-0"]
[WhiteElo "2659"]
[BlackElo "2459"]
[Annotator "TA"]
[PlyCount "100"]
[EventDate "2018.??.??"]
[EventType "swiss"]
[EventCountry "URU"]
[SourceTitle "playchess.com"]
[Source "ChessBase"]
[SourceQuality "1"]

{[%evp 18,100,7,7,16,10,0,0,0,2,10,10,14,0,19,19,19,7,17,9,16,14,6,8,20,20,7,16,30,30,30,19,28,24,12,20,128,118,109,109,109,110,109,109,109,109,114,109,109,109,109,110,131,137,137,140,418,419,643,643,616,575,661,552,661,393,393,393,386,386,903,800,2850,2850,2241,447,2647,2496,2535,1879,29972,29973,29972,29973,29984]} 1. d4 Nf6 2. Nf3 d5 3. c4 e6 4. Nc3 Bb4 5. e3 O-O 6. Bd3 c5 7. O-O Nc6 8. a3 Bxc3 9. bxc3 Qc7 10. Re1 {LiveBook: 3 Games. E58: Nimzo-Indian: Rubinstein: Main Line: 7...Nc6 8 a3 Bxc3} (10. Bb2 dxc4 11. Bxc4 e5 12. h3 Bf5 13. Qe2 Rad8 14. Bb5 e4 15. Nd2 Bg6 16. Nb3 Bh5 17. g4 Bg6 18. Nxc5 h5 19. f4 exf3 20. Qxf3 hxg4 21. hxg4 {0-1 (30) Korobov,A (2687)-Hou,Y (2649) Bastia 2016}) 10... Na5 11. cxd5 exd5 12. Ne5 {The position is equal.} c4 13. Bc2 Ne4 14. f3 Nxc3 15. Qd2 Nb5 16. a4 Nd6 17. Ba3 $146 {Hoping for Bxd6.} ({Predecessor:} 17. Qc3 Re8 {½-½ (52) Bensiek,N (2348)-Reichert,T (2316) ICCF email 2011}) 17... f6 18. Bxd6 Qxd6 19. Qxa5 {And now Ng4 would win.} fxe5 20. dxe5 Qxe5 21. Rad1 b6 22. Rxd5 Qf6 23. Qd2 Be6 {Threatens to win with ...c3.} 24. Rd6 Rad8 25. Rd1 {[%cal Rd6d8]} Rxd6 26. Qxd6 Bf5 (26... g6 $11 {keeps the balance.}) 27. Qxf6 Rxf6 $16 {[%mdl 4096] Endgame KRB-KRB} 28. Rd8+ Kf7 29. e4 {[%cal Be3e4,Be4e5][%mdl 32]} Be6 30. Ra8 a5 31. Ra7+ Kf8 {[#]} 32. e5 $1 {[%cal Re5f6]} Rf4 33. Be4 c3 34. Rc7 ({Worse is} 34. Bxh7 Rxa4 35. Kf2 Ra2+ 36. Ke3 Rxg2 $15) 34... Bb3 35. Rxc3 Bxa4 36. g3 Rxe4 $4 {[%mdl 8192]} (36... Rf7 $16 {was worth a try.}) 37. fxe4 {KR-KB} Be8 (37... Ke7 $142 38. Rc7+ Bd7) 38. Kf2 $18 b5 39. Rc8 a4 40. Rb8 a3 41. Ra8 b4 42. Ke3 Ke7 43. Kd4 Bc6 $2 (43... Bf7 44. Kc5 Ke6 45. Kxb4 Kxe5 46. Rxa3 Bg6) 44. Ra7+ Ke6 45. Ra6 Kd7 {[#]} 46. Kc5 (46. e6+ $142 $1 Kc7 (46... Kxe6 47. Rxc6+) 47. e7) 46... Bxe4 (46... Bb7 $142 47. Ra5 Ke6 48. Kxb4 Bxe4 49. Kxa3 Bd5) 47. Kxb4 a2 48. Kc5 Bb1 49. Kd5 Bc2 50. Ra7+ Kd8 {Precision: White = 90%, Black = 35%.} 1-0

[Event "American Continental-ch 2018"]
[Site "Montevideo"]
[Date "2018.06.08"]
[Round "9"]
[White "Xiong, Jeffery"]
[Black "Mekhitarian, Krikor Sevag"]
[Result "1/2-1/2"]
[WhiteElo "2656"]
[BlackElo "2546"]
[Annotator "TA"]
[PlyCount "83"]
[EventDate "2018.??.??"]
[EventType "swiss"]
[EventCountry "URU"]
[SourceTitle "playchess.com"]
[Source "ChessBase"]
[SourceQuality "1"]

{[%evp 23,83,7,21,0,15,0,19,0,0,-22,-19,-39,-16,-14,0,0,0,0,0,0,11,11,11,11,8,0,0,0,0,0,0,0,0,0,0,0,0,0,17,3,58,63,72,43,39,0,22,22,22,1,22,0,22,22,33,33,33,26,33,0,0,0]} 1. d4 Nf6 2. c4 e6 3. Nf3 d5 4. Nc3 Bb4 5. cxd5 exd5 6. Qa4+ Nc6 7. Bg5 h6 8. Bxf6 Qxf6 9. e3 O-O 10. Be2 Be6 11. a3 {D38: Queen's Gambit Declined: Ragozin Defence (4 Nf3 Bb4)} (11. O-O a6 12. Rac1 Bd6 13. Qc2 Rfe8 14. Na4 Ne7 15. Nc5 Bxc5 16. Qxc5 c6 17. Qb6 Rab8 18. Qc7 Bg4 19. Rfe1 Bxf3 20. Bxf3 {½-½ (80) Dreev,A (2653)-Vachier Lagrave,M (2789) Riadh 2017}) 11... Bxc3+ 12. bxc3 Ne7 {[%cal Bc6e7,Be7c8,Bc8d6][%mdl 32] LiveBook: 4 Games} 13. Rb1 $146 ({Predecessor:} 13. O-O Nc8 14. Rfc1 Nd6 15. Nd2 Rfc8 16. Qb4 b6 17. a4 c5 18. Qa3 Qd8 {0-1 (59) Riazantsev,A (2646)-Alekseev,E (2642) Khanty-Mansiysk 2015}) 13... Rfb8 14. O-O Nc8 15. Ne5 Nd6 16. Qa5 Rc8 17. Bf3 b6 18. Qa6 c5 19. Nd3 Ne4 20. Bxe4 $1 dxe4 21. Nf4 cxd4 22. Nxe6 Qxe6 23. cxd4 Qc4 24. Qb7 Qc6 25. Qa6 Qc4 26. Qb5 Qxb5 27. Rxb5 $11 {[%mdl 4096] Endgame KRR-KRR} Rc3 28. a4 Ra3 29. Rb4 Rc8 30. g4 Rc6 31. d5 Rg6 ({Black should try} 31... Rc5 $11) 32. Rd1 $1 $14 ({Much worse is} 32. Rxe4 f5 $11) 32... Rxg4+ 33. Kf1 {Black must now prevent d6.} Rc3 $1 {[#]} 34. a5 $1 {[%mdl 512]} Kf8 (34... bxa5 35. Rb8+) 35. axb6 axb6 36. Rxb6 Rc8 37. Rb4 f5 38. d6 Rg6 39. Rb5 Rf6 40. Kg2 Rd8 41. Kg3 f4+ 42. exf4 {Precision: White = 54%, Black = 44%.} 1/2-1/2

[Event "American Continental-ch 2018"]
[Site "Montevideo"]
[Date "2018.06.08"]
[Round "9"]
[White "Cordova, Emilio"]
[Black "El Debs, Felipe De Cresce"]
[Result "1/2-1/2"]
[WhiteElo "2621"]
[BlackElo "2537"]
[Annotator "TA"]
[PlyCount "97"]
[EventDate "2018.??.??"]
[EventType "swiss"]
[EventCountry "URU"]
[SourceTitle "playchess.com"]
[Source "ChessBase"]
[SourceQuality "1"]

{[%evp 18,97,-4,-18,-18,-36,-25,-27,-6,-39,-13,-14,0,0,0,-2,28,17,16,39,45,-12,37,72,51,40,108,87,152,152,135,114,164,152,156,156,169,154,143,162,227,166,178,195,195,191,195,195,181,180,209,211,211,207,204,200,197,187,217,216,226,0,0,0,0,0,0,0,0,0,0,0,0,0,0,0,0,0,0,0,0,0]} 1. c4 e5 2. Nc3 Nf6 3. g3 d5 4. cxd5 Nxd5 5. Bg2 Nb6 6. e3 Nc6 {[%cal Bb8c6,Bc6e7,Be7f5,Bf5d6][%mdl 32] A22: English Opening: 1...e5 2 Nc3 Nf6} 7. Nge2 h5 8. d4 h4 9. d5 Ne7 10. e4 {LiveBook: 5 Games} c6 (10... hxg3 11. hxg3 Rxh1+ 12. Bxh1 Ng8 13. Be3 Nf6 14. Qc2 {0-1 (57) Ponkratov,P (2613)-Karjakin,S (2760) Riadh 2017}) 11. Qb3 $146 ({Predecessor:} 11. Qd3 cxd5 12. exd5 Bf5 13. Qb5+ Bd7 14. Qd3 {½-½ (26) Laine,J (2205)-Haapamaeki,M (2263) ICCF email 2016}) 11... cxd5 12. exd5 Nf5 13. a4 a5 14. O-O hxg3 15. hxg3 Bb4 16. Ne4 Nd6 (16... Nxd5 $6 17. Rd1 $16) 17. Bg5 $36 {[%mdl 2048] White fights for an advantage.} Qd7 {[#] Hoping for ...Nxe4.} 18. N2c3 {And now Nxd6+ would win.} Nbc4 19. Rac1 (19. Rfe1 $14) 19... O-O 20. Nxd6 Nxd6 21. Na2 $1 b5 {[#]} ({Black should try} 21... Re8 $14) 22. axb5 $1 $16 (22. Nxb4 $6 bxa4 23. Qa3 axb4 $11) 22... Nxb5 (22... Rb8 $142) 23. Nxb4 axb4 24. Be3 Bb7 25. Qxb4 Rab8 26. Rfd1 Ba8 27. Qd2 Rfd8 28. b4 Qb7 (28... Qg4 $142 29. Bc5 e4) 29. Qb2 Qe7 30. Bc5 Qf6 31. f4 Nd4 32. Bxd4 exd4 33. Qxd4 ({Don't do} 33. Rxd4 Bxd5 34. Rd2 (34. Bxd5 Rxd5 35. Rcd1 Qb6 $11) 34... Qxb2 $16) 33... Qg6 34. Kf2 Rb6 35. Rc5 Ra6 36. Ra5 Rb6 37. Rd2 Qd6 38. Qc5 Qf6 39. d6 $2 (39. Bf3 $18 Qh6 40. Kg2) 39... Rbxd6 $11 {The position is equal.} 40. Re2 ({Don't blunder} 40. Rxd6 $2 Qb2+ 41. Ke3 Re8+ 42. Be4 (42. Kd3 Bxg2 43. Qe5 Bf1+ 44. Ke4 Qe2+ 45. Kf5 Bh3+ 46. g4 Rxe5+ 47. Rxe5 Bxg4+ 48. Kg5 Qg2 $19) 42... Bxe4 $19) 40... Bxg2 41. Kxg2 Rd3 {aiming for ...Qg6.} 42. Qc4 g6 43. Rae5 Kg7 44. b5 R8d4 45. Qc1 Qb6 46. Qc5 Qb7+ 47. Kh2 Rd1 {[%csl Gb7][%cal Rd1h1]} 48. Qc6 Qxc6 $1 49. bxc6 {Precision: White = 67%, Black = 57%.} 1/2-1/2